Fundamentals of corporate finance

Đã lưu trong:
Bibliografiske detaljer
Hovedforfatter:  Brealey, Richard A
Format: Sách
Sprog:Undetermined
Udgivet:  McGraw-Hill  2007
Fag:
Tags: Tilføj Tag
Ingen Tags, Vær først til at tagge denne postø!
Thư viện lưu trữ: Trung tâm Thư viện - Trường Đại học Công nghiệp TP. Hồ Chí Minh
LEADER 00486nam a2200157Ia 4500
001 UIH_05412
008 231011s9999 xx 000 0 und d
082 |a  658.15 
100 |a  Brealey, Richard A 
245 0 |a  Fundamentals of corporate finance 
245 0 |c  Brealey, Richard A 
260 |b  McGraw-Hill 
260 |c  2007 
650 |a  Quản lý tài chính;  
927 |a Sách 
980 |a Trung tâm Thư viện - Trường Đại học Công nghiệp TP. Hồ Chí Minh